[Event "Bad Woerishofen Seniors op 30th"]
[Site "Bad Woerishofen"]
[Date "2014.03.26"]
[Round "6"]
[White "Klimpel, Siegfried"]
[Black "Ziltener, Werner"]
[Result "0-1"]
[WhiteElo "1860"]
[BlackElo "2005"]
[PlyCount "68"]
[EventDate "2014.03.21"]
[EventType "swiss"]
[EventRounds "9"]
[EventCountry "GER"]
[SourceTitle "EXT 2019"]
[Source "ChessBase"]
[SourceDate "2018.10.10"]
[SourceVersion "1"]
[SourceVersionDate "2018.10.10"]
[SourceQuality "1"]

1. e4 d6 2. d4 Nf6 3. Nc3 c6 4. f4 Qa5 5. Bd3 Bg4 6. Nf3 Nbd7 7. h3 Bxf3 8. gxf3 e5 9. Be3 Qb4 10. dxe5 dxe5 11. Qd2 Bc5 12. Bxc5 Qxc5 13. 0-0-0 0-0-0 14. Na4 Qe7 15. Qa5 Kb8 16. Rhg1 g6 17. fxe5 Qxe5 18. Qxe5+ Nxe5 19. Be2 Nh5 20. Nc3 Nf4 21. Rg3 Rxd1+ 22. Bxd1 Rd8 23. Ne2 Nh5 24. Rg1 Nxf3 25. Rf1 Ne5 26. h4 Rd6 27. c3 Kc7 28. Bb3 Rf6 29. Rxf6 Nxf6 30. Ng3 Kd6 31. Bd1 Nd3+ 32. Kd2 Nf2 33. h5 Nxd1 34. hxg6 hxg6 0-1

[Event "Arco op 34th"]
[Site "Arco"]
[Date "2012.10.17"]
[Round "5"]
[White "Hilbenz, Guntram"]
[Black "Ziltener, Werner"]
[Result "1/2-1/2"]
[WhiteElo "1897"]
[BlackElo "2053"]
[PlyCount "98"]
[EventDate "2012.10.13"]
[EventType "swiss"]
[EventRounds "9"]
[EventCountry "ITA"]
[SourceTitle "EXT 2013"]
[Source "ChessBase"]
[SourceDate "2012.11.22"]
[SourceVersion "1"]
[SourceVersionDate "2012.11.22"]
[SourceQuality "1"]

1. c4 c6 2. Nf3 d5 3. g3 Nf6 4. Bg2 Bf5 5. b3 g6 6. Bb2 Bg7 7. 0-0 0-0 8. d3 Qc8 9. Nbd2 Bh3 10. Qc2 Bxg2 11. Kxg2 e6 12. Ne5 Nbd7 13. Ndf3 Nxe5 14. Nxe5 Qc7 15. Rac1 Rad8 16. b4 d4 17. Nf3 e5 18. Rce1 Rfe8 19. e3 dxe3 20. Rxe3 Ng4 21. Re2 Qd6 22. h3 Nh6 23. Rfe1 f6 24. d4 Nf7 25. dxe5 fxe5 26. Bc3 Qd3 27. Qxd3 Rxd3 28. Bxe5 Nxe5 29. Nxe5 Rd4 30. f4 Bxe5 31. Rxe5 Rxe5 32. Rxe5 Rxc4 33. a3 Rc2+ 34. Kf3 Kf7 35. Re3 Rd2 36. g4 h6 37. Kg3 Kf6 38. Rf3 Rd5 39. Re3 Rd1 40. Rf3 Ke6 41. f5+ gxf5 42. Rxf5 Rd3+ 43. Rf3 Rd1 44. Kf4 Rd4+ 45. Ke3 Rd5 46. Ke4 Re5+ 47. Kd4 Rd5+ 48. Ke4 Re5+ 49. Kd4 Rd5+ 1/2-1/2

[Event "Bad Woerishofen Seniors op 28th"]
[Site "Bad Woerishofen"]
[Date "2012.03.05"]
[Round "4.8"]
[White "Ziltener, Werner"]
[Black "Lang, Ferdinand"]
[Result "1/2-1/2"]
[WhiteElo "1938"]
[BlackElo "2044"]
[PlyCount "80"]
[EventDate "2012.03.02"]
[EventType "swiss"]
[EventRounds "9"]
[EventCountry "GER"]
[SourceTitle "EXT 2022"]
[Source "ChessBase"]
[SourceDate "2021.10.06"]
[SourceVersion "1"]
[SourceVersionDate "2021.10.06"]
[SourceQuality "1"]

1. Nf3 d5 2. c4 dxc4 3. g3 Nc6 4. Qa4 Nf6 5. Bg2 Bd7 6. Qxc4 e5 7. Ng5 Qe7 8. b3 b5 9. Qc3 Qd6 10. 0-0 Be7 11. Bb2 b4 12. Qf3 0-0 13. Ne4 Nxe4 14. Qxe4 Rac8 15. d3 Nd4 16. Bxd4 exd4 17. Nd2 Bf6 18. Nc4 Qa6 19. Qb7 Qxb7 20. Bxb7 Rb8 21. Bf3 Rfe8 22. Rac1 g5 23. Rc2 g4 24. Bd5 Rb5 25. Bg2 Kg7 26. Re1 Rc5 27. Be4 Bg5 28. f4 gxf3 29. Bxf3 Bf5 30. Kf1 Bg6 31. h4 Bd8 32. Rec1 Re6 33. Nd2 Ra5 34. Nc4 Rb5 35. Nb2 Re3 36. Rc5 Rb6 37. Rc6 Re6 38. R1c4 Rbxc6 39. Bxc6 Bf5 40. Bf3 Rb6 1/2-1/2

[Event "Arco op 33rd"]
[Site "Arco"]
[Date "2011.10.27"]
[Round "6"]
[White "Ziltener, Werner"]
[Black "Antoniacci, Ricardo"]
[Result "1/2-1/2"]
[WhiteElo "2081"]
[BlackElo "1913"]
[PlyCount "106"]
[EventDate "2011.10.22"]
[EventType "swiss"]
[EventRounds "9"]
[EventCountry "ITA"]
[SourceTitle "EXT 2012"]
[Source "ChessBase"]
[SourceDate "2011.11.24"]
[SourceVersion "1"]
[SourceVersionDate "2011.11.24"]
[SourceQuality "1"]

1. d4 Nf6 2. Nf3 e6 3. g3 d5 4. Bg2 Nbd7 5. 0-0 c5 6. c4 Be7 7. Nc3 0-0 8. cxd5 exd5 9. dxc5 Nxc5 10. Bf4 a6 11. Rc1 b5 12. Nd4 Qd7 13. Qc2 Bb7 14. Nf5 Ne6 15. Nxe7+ Qxe7 16. Be5 d4 17. Bxf6 gxf6 18. Nd5 Bxd5 19. Bxd5 Rad8 20. Be4 h6 21. Qd2 Kg7 22. Rc6 Rfe8 23. Bb1 d3 24. e3 Ng5 25. f3 Qxe3+ 26. Qxe3 Rxe3 27. Rd1 Rxf3 28. Rc3 b4 29. Rcxd3 Rfxd3 30. Rxd3 Rxd3 31. Bxd3 Nf3+ 32. Kf2 Nxh2 33. Bxa6 f5 34. a4 bxa3 35. bxa3 Kf6 36. a4 Ke5 37. a5 Ng4+ 38. Kf3 Kd6 39. Bb7 Kc7 40. a6 Nf6 41. Kg2 Kb8 42. Kh3 Ne4 43. Kg2 Nc5 44. Kf3 Nxb7 45. axb7 Kxb7 46. Kf4 Kc7 47. Kxf5 Kd7 48. Kf6 Ke8 49. Kg7 Ke7 50. Kxh6 Kf8 51. Kh7 Ke7 52. Kg7 Ke6 53. g4 Ke5 1/2-1/2

[Event "Wch Seniors 20th"]
[Site "Arco"]
[Date "2010.10.27"]
[Round "2"]
[White "Jadrijevic, Ante"]
[Black "Ziltener, Werner"]
[Result "1-0"]
[WhiteElo "2242"]
[BlackElo "2116"]
[PlyCount "39"]
[EventDate "2010.10.26"]
[EventType "swiss"]
[EventRounds "11"]
[EventCountry "ITA"]
[SourceTitle "EXT 2011"]
[Source "ChessBase"]
[SourceDate "2010.11.26"]
[SourceVersion "1"]
[SourceVersionDate "2010.11.26"]
[SourceQuality "1"]

1. d4 d5 2. Nf3 Nf6 3. e3 c5 4. c3 e6 5. Nbd2 Nbd7 6. Bd3 Be7 7. 0-0 0-0 8. Re1 Qc7 9. e4 dxe4 10. Nxe4 Nxe4 11. Rxe4 Nf6 12. Rh4 g6 13. Bg5 Re8 14. Ne5 Bd7 15. Qf3 Bc6 16. Qf4 Kg7 17. Bxf6+ Bxf6 18. Qh6+ Kg8 19. Qxh7+ Kf8 20. Nxg6+ 1-0

[Event "Arco op 32nd"]
[Site "Arco"]
[Date "2010.10.19"]
[Round "4"]
[White "Cottarelli, Franco"]
[Black "Ziltener, Werner"]
[Result "1/2-1/2"]
[WhiteElo "1889"]
[BlackElo "2116"]
[PlyCount "109"]
[EventDate "2010.10.16"]
[EventType "swiss"]
[EventRounds "9"]
[EventCountry "ITA"]
[SourceTitle "EXT 2024"]
[Source "ChessBase"]
[SourceDate "2023.10.10"]
[SourceVersion "1"]
[SourceVersionDate "2023.10.10"]
[SourceQuality "1"]

1. b4 e5 2. Bb2 Bxb4 3. Bxe5 Nf6 4. Nf3 0-0 5. e3 c5 6. Be2 d5 7. 0-0 Nc6 8. Bb2 Bf5 9. d3 Qe7 10. Nbd2 Rad8 11. Rb1 Rfe8 12. a3 Bxd2 13. Qxd2 b6 14. Rfe1 Qd6 15. Rbd1 Bg4 16. h3 Bh5 17. Nh2 Bxe2 18. Qxe2 d4 19. e4 Nd5 20. Qd2 Nc7 21. f4 Qh6 22. Qf2 Qh5 23. Bc1 Nb5 24. Ng4 Nc3 25. Qg3 Kh8 26. Rd2 f5 27. exf5 Rxe1+ 28. Qxe1 Re8 29. Qf1 Qxf5 30. Rf2 h5 31. Nh2 Qe6 32. Nf3 Ne2+ 33. Kh2 Nxc1 34. Qxc1 Qe3 35. Qxe3 dxe3 36. Re2 Nd4 37. Nxd4 cxd4 38. Kg3 Kh7 39. h4 Kg6 40. Kf3 Kf5 41. g3 Rc8 42. c4 Re8 43. Rb2 Rc8 44. Rb5+ Rc5 45. Rb2 Ra5 46. Ra2 b5 47. cxb5 Rxb5 48. Rc2 Ra5 49. Rc4 Rxa3 50. Rxd4 a5 51. Rd5+ Ke6 52. Re5+ Kf6 53. Kxe3 g6 54. Ke4 a4 55. Ra5 1/2-1/2

[Event "Wch Seniors 19th"]
[Site "Condino"]
[Date "2009.11.04"]
[Round "8"]
[White "Ziltener, Werner"]
[Black "Kernazhitsky, Leonid"]
[Result "0-1"]
[WhiteElo "2127"]
[BlackElo "2327"]
[PlyCount "92"]
[EventDate "2009.10.27"]
[EventType "swiss"]
[EventRounds "11"]
[EventCountry "ITA"]
[SourceTitle "EXT 2010"]
[Source "ChessBase"]
[SourceDate "2010.11.25"]
[SourceVersion "1"]
[SourceVersionDate "2010.11.25"]
[SourceQuality "1"]

1. Nf3 d5 2. d4 Nf6 3. c4 c6 4. Nc3 dxc4 5. a4 Bf5 6. Nh4 e6 7. Nxf5 exf5 8. e3 Nbd7 9. Bxc4 Bb4 10. 0-0 0-0 11. Qb3 Qe7 12. Na2 Bd6 13. g3 Nb6 14. Be2 h5 15. Bd2 Nbd5 16. Nc3 Nxc3 17. Qxc3 f4 18. Bf3 fxg3 19. fxg3 h4 20. Kg2 Ne4 21. Qd3 f5 22. Bxe4 fxe4 23. Qc4+ Kh8 24. Rxf8+ Rxf8 25. Rf1 Rxf1 26. Qxf1 Qe6 27. Qd1 h3+ 28. Kg1 Qf5 29. Be1 Kh7 30. Qe2 Kg6 31. Bc3 Kg5 32. Be1 Qg4 33. Kf1 Kf5 34. Qxg4+ Kxg4 35. Ke2 g6 36. Bf2 Bb4 37. Bg1 Kf5 38. Bf2 Ke6 39. Kd1 b5 40. axb5 cxb5 41. Be1 Bd6 42. Kc2 a5 43. b3 Kf5 44. Kd1 Kg4 45. Ke2 a4 46. bxa4 bxa4 0-1

[Event "EU-ch Seniors 09th"]
[Site "Rogaska Slatina"]
[Date "2009.07.28"]
[Round "7"]
[White "Hohler, Peter"]
[Black "Ziltener, Werner"]
[Result "1/2-1/2"]
[WhiteElo "2228"]
[BlackElo "2120"]
[PlyCount "46"]
[EventDate "2009.07.22"]
[EventType "swiss"]
[EventRounds "9"]
[EventCountry "SLO"]
[SourceTitle "CBM 131 Extra"]
[Source "ChessBase"]
[SourceDate "2009.09.03"]
[SourceVersion "2"]
[SourceVersionDate "2009.09.16"]
[SourceQuality "1"]

1. d4 d5 2. c4 c6 3. e3 e6 4. Nc3 f5 5. f4 Nf6 6. Nf3 Nbd7 7. Be2 Be7 8. 0-0 Ne4 9. Nxe4 fxe4 10. Ne5 0-0 11. Bd2 Nxe5 12. fxe5 Bd7 13. Qb3 Qb6 14. Rxf8+ Rxf8 15. c5 Qc7 16. Qc2 Bg5 17. b4 Bc8 18. a4 Qf7 19. Rf1 Qd7 20. Rxf8+ Kxf8 21. b5 Bd8 22. Qb1 Kg8 23. Qf1 Qf7 1/2-1/2

[Event "EU-ch Seniors 09th"]
[Site "Rogaska Slatina"]
[Date "2009.07.26"]
[Round "5"]
[White "Kristiansen, Erling"]
[Black "Ziltener, Werner"]
[Result "0-1"]
[WhiteElo "2218"]
[BlackElo "2120"]
[PlyCount "64"]
[EventDate "2009.07.22"]
[EventType "swiss"]
[EventRounds "9"]
[EventCountry "SLO"]
[SourceTitle "CBM 131 Extra"]
[Source "ChessBase"]
[SourceDate "2009.09.03"]
[SourceVersion "2"]
[SourceVersionDate "2009.09.16"]
[SourceQuality "1"]

1. d4 d5 2. c4 c6 3. Nc3 Nf6 4. Nf3 a6 5. cxd5 cxd5 6. Bf4 Nc6 7. h3 Ne4 8. e3 Qa5 9. Qb3 e6 10. Bd3 Nxc3 11. bxc3 Qa3 12. Qc2 h6 13. 0-0 Bd6 14. Rab1 Bxf4 15. exf4 0-0 16. Rb6 Rd8 17. Rfb1 Qe7 18. Ne5 Rd6 19. Qb2 Qc7 20. Qa3 Nxe5 21. Qxd6 Qxd6 22. Rxd6 Nxd3 23. g3 b5 24. Kf1 Kf8 25. Ke2 Ke7 26. Rc6 Kd7 27. Rxc8 Nxf4+ 28. gxf4 Rxc8 29. Kd3 Rc4 30. h4 h5 31. Rb3 Ra4 32. a3 Ke7 0-1

[Event "EU-ch Seniors 09th"]
[Site "Rogaska Slatina"]
[Date "2009.07.24"]
[Round "3"]
[White "Sinelnikov, Igor"]
[Black "Ziltener, Werner"]
[Result "1-0"]
[WhiteElo "2227"]
[BlackElo "2120"]
[PlyCount "101"]
[EventDate "2009.07.22"]
[EventType "swiss"]
[EventRounds "9"]
[EventCountry "SLO"]
[SourceTitle "CBM 131 Extra"]
[Source "ChessBase"]
[SourceDate "2009.09.03"]
[SourceVersion "2"]
[SourceVersionDate "2009.09.16"]
[SourceQuality "1"]

1. e4 d6 2. d4 Nf6 3. Nc3 c6 4. f4 Qa5 5. Bd2 Qb6 6. e5 Nd5 7. Nf3 Bg4 8. Bc4 e6 9. h3 Bxf3 10. Qxf3 Qxd4 11. Bxd5 cxd5 12. 0-0-0 Qc4 13. Rhe1 Nc6 14. b3 Qa6 15. exd6 0-0-0 16. a4 Bxd6 17. Nb5 Kb8 18. Bc3 d4 19. Nxd4 Ba3+ 20. Kb1 Nxd4 21. Bxd4 Qc6 22. Qxc6 bxc6 23. Bxg7 Rxd1+ 24. Rxd1 Rg8 25. Be5+ Kc8 26. g4 Bc5 27. Kb2 Rg6 28. g5 h6 29. h4 h5 30. Bd4 Bxd4+ 31. Rxd4 Rg8 32. Kc3 Kc7 33. Kc4 f6 34. Kc5 fxg5 35. fxg5 Rf8 36. b4 Rf2 37. c3 Rf3 38. Rc4 Rf2 39. b5 Rf3 40. Re4 cxb5 41. Kxb5 Kd6 42. c4 e5 43. c5+ Kd5 44. Re1 Rb3+ 45. Ka6 Rb4 46. a5 Rxh4 47. Rg1 Rf4 48. g6 Rf8 49. Kxa7 Kxc5 50. Kb7 Rg8 51. g7 1-0

[Event "Bad Woerishofen op 25th"]
[Site "Bad Woerishofen"]
[Date "2009.03.07"]
[Round "3"]
[White "Schirmer, Werner"]
[Black "Ziltener, Werner"]
[Result "1/2-1/2"]
[WhiteElo "2091"]
[BlackElo "2103"]
[PlyCount "43"]
[EventDate "2009.03.05"]
[EventType "swiss"]
[EventRounds "9"]
[EventCountry "GER"]
[SourceTitle "CBM 129 Extra"]
[Source "ChessBase"]
[SourceDate "2009.05.05"]
[SourceVersion "2"]
[SourceVersionDate "2009.05.20"]
[SourceQuality "1"]

1. e4 d6 2. d4 Nf6 3. Nc3 c6 4. Nf3 Bg4 5. Be2 e6 6. 0-0 d5 7. exd5 exd5 8. Ne5 Bxe2 9. Qxe2 Be7 10. Re1 0-0 11. Bg5 Re8 12. Rad1 Nbd7 13. Rd3 Nf8 14. Re3 Ne4 15. Nxe4 Bxg5 16. Nxf7 Bxe3 17. Nxd8 Rxe4 18. fxe3 Rxd8 19. Rf1 Nd7 20. Rf3 Nf6 21. h3 Rde8 22. g4 1/2-1/2

[Event "Bad Woerishofen op 25th"]
[Site "Bad Woerishofen"]
[Date "2009.03.06"]
[Round "2"]
[White "Ziltener, Werner"]
[Black "Reinke, Kurt"]
[Result "1-0"]
[WhiteElo "2103"]
[BlackElo "1956"]
[PlyCount "85"]
[EventDate "2009.03.05"]
[EventType "swiss"]
[EventRounds "9"]
[EventCountry "GER"]
[SourceTitle "CBM 129 Extra"]
[Source "ChessBase"]
[SourceDate "2009.05.05"]
[SourceVersion "2"]
[SourceVersionDate "2009.05.20"]
[SourceQuality "1"]

1. Nf3 Nf6 2. d4 d5 3. c4 c6 4. e3 e6 5. Nc3 Nbd7 6. Bd3 Bd6 7. 0-0 0-0 8. b3 Re8 9. Bb2 e5 10. dxe5 Nxe5 11. cxd5 Nxd3 12. Qxd3 Bg4 13. e4 cxd5 14. exd5 Qd7 15. Rfe1 Bh5 16. Rac1 Rac8 17. a4 a6 18. Ne4 Nxe4 19. Rxc8 Qxc8 20. Rxe4 Rxe4 21. Qxe4 Bg6 22. Qe2 Bh5 23. Qe3 Qb8 24. g4 Bg6 25. Qd4 f6 26. g5 Be5 27. Nxe5 fxe5 28. Qxe5 Qxe5 29. Bxe5 Bc2 30. d6 Kf7 31. Bxg7 Bxb3 32. a5 Ba4 33. Be5 Bd7 34. f4 Kg6 35. Kf2 Kf5 36. Ke3 Kg4 37. Kd4 Kf5 38. Kc5 Ke6 39. Kb6 Bc6 40. Kc7 Bb5 41. h4 Bc6 42. h5 Be8 43. g6 1-0

[Event "Bad Woerishofen Seniors op 24th"]
[Site "Bad Woerishofen"]
[Date "2008.03.07"]
[Round "9"]
[White "Klempt, Guenter"]
[Black "Ziltener, Werner"]
[Result "0-1"]
[WhiteElo "1903"]
[BlackElo "1990"]
[PlyCount "94"]
[EventDate "2008.02.28"]
[EventType "swiss"]
[EventRounds "9"]
[EventCountry "GER"]
[SourceTitle "EXT 2022"]
[Source "ChessBase"]
[SourceDate "2021.10.06"]
[SourceVersion "1"]
[SourceVersionDate "2021.10.06"]
[SourceQuality "1"]

1. d4 d5 2. c4 c6 3. Nc3 Nf6 4. Nf3 a6 5. cxd5 cxd5 6. h3 Bf5 7. Bf4 Nc6 8. e3 Rc8 9. Be2 e6 10. 0-0 Be7 11. Rc1 Nd7 12. a3 b5 13. b4 0-0 14. Re1 Nb6 15. Bd3 Bxd3 16. Qxd3 Nc4 17. Ra1 f5 18. Nd2 Nxd2 19. Qxd2 a5 20. bxa5 b4 21. axb4 Bxb4 22. Qb2 Bxa5 23. Ra4 Ne5 24. Rxa5 Qxa5 25. Bxe5 Qxc3 26. Qb7 Rf7 27. Qb1 Ra7 28. Rf1 Qc6 29. Qb2 Qb7 30. Qe2 Rca8 31. Qh5 Ra1 32. Rxa1 Rxa1+ 33. Kh2 Qf7 34. Qg5 h6 35. Qd8+ Kh7 36. Qb6 Ra8 37. Qc6 Rg8 38. Kh1 Rd8 39. Kh2 Qd7 40. Qb6 Rc8 41. Kg3 Qe7 42. Qa6 Rc2 43. Qa4 Qg5+ 44. Kf3 Qh5+ 45. g4 Qxh3+ 46. Bg3 Qh1+ 47. Kf4 Qe4# 0-1

[Event "Bad Woerishofen Seniors op 24th"]
[Site "Bad Woerishofen"]
[Date "2008.03.05"]
[Round "7"]
[White "Ziltener, Werner"]
[Black "Delander, Adolf"]
[Result "1/2-1/2"]
[WhiteElo "2115"]
[BlackElo "2050"]
[PlyCount "60"]
[EventDate "2008.02.28"]
[EventType "swiss"]
[EventRounds "9"]
[EventCountry "GER"]
[SourceTitle "EXT 2019"]
[Source "ChessBase"]
[SourceDate "2018.10.10"]
[SourceVersion "1"]
[SourceVersionDate "2018.10.10"]
[SourceQuality "1"]

1. d4 d5 2. c4 c6 3. Nf3 Nf6 4. e3 e6 5. Nc3 Nbd7 6. Bd3 Bd6 7. 0-0 0-0 8. e4 dxc4 9. Bxc4 e5 10. Bg5 h6 11. Bh4 Qc7 12. d5 Nb6 13. Bb3 Nh7 14. Rc1 a6 15. a4 c5 16. Nd2 Bd7 17. a5 Nc8 18. Nc4 Bb5 19. Ra1 f6 20. Re1 Kh8 21. Qc2 Na7 22. Rec1 Bxc4 23. Bxc4 Rfe8 24. Be2 Nf8 25. f3 Nd7 26. Bf2 Rec8 27. Qa4 Qd8 28. Nd1 Rab8 29. Ne3 Bf8 30. Nc4 Nb5 1/2-1/2

[Event "Bad Woerishofen Seniors op 24th"]
[Site "Bad Woerishofen"]
[Date "2008.02.28"]
[Round "1"]
[White "Paulsen, Eckart"]
[Black "Ziltener, Werner"]
[Result "0-1"]
[WhiteElo "1681"]
[BlackElo "1990"]
[PlyCount "89"]
[EventDate "2008.02.28"]
[EventType "swiss"]
[EventRounds "9"]
[EventCountry "GER"]
[SourceTitle "EXT 2022"]
[Source "ChessBase"]
[SourceDate "2021.10.06"]
[SourceVersion "1"]
[SourceVersionDate "2021.10.06"]
[SourceQuality "1"]

1. d4 d5 2. Bf4 c6 3. c3 Bf5 4. e3 Nf6 5. h3 e6 6. Nf3 Nbd7 7. Nbd2 Ne4 8. Nxe4 Bxe4 9. Bd3 Bxd3 10. Qxd3 Be7 11. 0-0 0-0 12. Rfe1 c5 13. Rac1 c4 14. Qd2 Nf6 15. Bg5 Qa5 16. Bxf6 Bxf6 17. Ra1 h6 18. e4 Qc7 19. e5 Be7 20. Nh2 Bg5 21. f4 Bh4 22. Qe2 Bxe1 23. Rxe1 f5 24. exf6 Rxf6 25. Ng4 Rxf4 26. Qxe6+ Qf7 27. Qd6 Rf8 28. Kh2 Re4 29. Rf1 Qxf1 30. Qxd5+ Qf7 31. Qxe4 Qf4+ 32. Qxf4 Rxf4 33. Kg3 Rf8 34. Ne5 b5 35. b3 cxb3 36. axb3 Rc8 37. c4 bxc4 38. bxc4 a5 39. c5 a4 40. Nc4 Rd8 41. c6 Rxd4 42. Nb6 Rd3+ 43. Kf2 Rc3 44. c7 a3 45. Nd5 0-1

[Event "EU-ch Seniors 07th"]
[Site "Hockenheim"]
[Date "2007.06.05"]
[Round "4"]
[White "Ziltener, Werner"]
[Black "Estrada Martinez, Cesar"]
[Result "1/2-1/2"]
[WhiteElo "2075"]
[BlackElo "2208"]
[PlyCount "91"]
[EventDate "2007.06.02"]
[EventType "swiss"]
[EventRounds "9"]
[EventCountry "GER"]
[SourceTitle "CBM 118 Extra"]
[Source "ChessBase"]
[SourceDate "2007.07.04"]
[SourceVersion "1"]
[SourceVersionDate "2007.07.04"]
[SourceQuality "1"]

1. d4 Nf6 2. Nf3 c5 3. g3 cxd4 4. Nxd4 Nc6 5. Bg2 d5 6. Nxc6 bxc6 7. c4 e6 8. 0-0 Bd6 9. Nc3 0-0 10. cxd5 cxd5 11. e4 dxe4 12. Nxe4 Nxe4 13. Bxe4 Rb8 14. Qd3 f5 15. Bg2 Bb7 16. Rd1 Bxg2 17. Kxg2 Be5 18. Qe2 Qf6 19. Re1 Bxb2 20. Bxb2 Rxb2 21. Qxe6+ Qxe6 22. Rxe6 Rd8 23. Re7 Rdd2 24. Rc1 Rxf2+ 25. Kg1 Rg2+ 26. Kf1 Rbf2+ 27. Ke1 Rc2 28. Rxc2 Rxc2 29. Rxa7 Rxh2 30. Kf1 h5 31. a4 Kh7 32. a5 Ra2 33. a6 Kg6 34. Kg1 Kf6 35. Kf1 g6 36. Ra8 Kg5 37. a7 Kg4 38. Rg8 Rxa7 39. Rxg6+ Kf3 40. Kg1 h4 41. gxh4 Rh7 42. Ra6 f4 43. Ra3+ Kg4 44. Kg2 Rxh4 45. Ra8 f3+ 46. Kg1 1/2-1/2

[Event "Bad Woerishofen Seniors opA 23rd"]
[Site "Bad Woerishofen"]
[Date "2007.03.15"]
[Round "8"]
[White "Ziltener, Werner"]
[Black "Klein, Klaus"]
[Result "1-0"]
[WhiteElo "2208"]
[BlackElo "1876"]
[PlyCount "91"]
[EventDate "2007.03.08"]
[EventType "swiss"]
[EventRounds "9"]
[EventCountry "GER"]
[SourceTitle "EXT 2022"]
[Source "ChessBase"]
[SourceDate "2021.10.06"]
[SourceVersion "1"]
[SourceVersionDate "2021.10.06"]
[SourceQuality "1"]

1. d4 d5 2. Nf3 Nf6 3. c4 c6 4. e3 e6 5. Nc3 Nbd7 6. Bd3 Bd6 7. 0-0 0-0 8. Qe2 dxc4 9. Bxc4 e5 10. e4 exd4 11. Nxd4 Nb6 12. Bb3 Bxh2+ 13. Kxh2 Qxd4 14. Be3 Qe5+ 15. f4 Qh5+ 16. Qxh5 Nxh5 17. e5 g6 18. Bd1 Ng7 19. Bxb6 axb6 20. Ne4 Rd8 21. Nf6+ Kh8 22. Bb3 Be6 23. Ne4 h6 24. Bxe6 fxe6 25. Nd6 Rd7 26. a3 b5 27. Rad1 Kg8 28. Ne8 Re7 29. Nf6+ Kf7 30. Rf3 Ne8 31. Ne4 Kg7 32. Rfd3 Nc7 33. Rd7 Kf8 34. Rd8+ Rxd8 35. Rxd8+ Re8 36. Rd6 Ke7 37. Nc5 Nd5 38. Nxe6 Rg8 39. g3 Nb6 40. Nc5 Nc4 41. Rd7+ Ke8 42. Rxb7 Nxb2 43. Ne4 Kf8 44. Nd6 Rg7 45. Rb8+ Ke7 46. f5 1-0

[Event "Bad Woerishofen Seniors opA 23rd"]
[Site "Bad Woerishofen"]
[Date "2007.03.13"]
[Round "6"]
[White "Ziltener, Werner"]
[Black "Packroff, Hermann"]
[Result "1/2-1/2"]
[WhiteElo "2075"]
[BlackElo "2208"]
[PlyCount "32"]
[EventDate "2007.03.08"]
[EventType "swiss"]
[EventRounds "9"]
[EventCountry "GER"]
[SourceTitle "EXT 2008"]
[Source "ChessBase"]
[SourceDate "2007.11.25"]
[SourceVersion "1"]
[SourceVersionDate "2007.11.25"]
[SourceQuality "1"]

1. d4 Nf6 2. Nf3 g6 3. Bg5 Ne4 4. Bf4 Bg7 5. e3 0-0 6. Bd3 d5 7. Bxe4 dxe4 8. Nfd2 f5 9. c3 Nc6 10. Qb3+ Kh8 11. Nc4 b6 12. Nba3 Be6 13. Qb5 Bd7 14. Qb3 Be6 15. Qb5 Bd7 16. Qb3 Be6 1/2-1/2

[Event "Bad Woerishofen Seniors opA 23rd"]
[Site "Bad Woerishofen"]
[Date "2007.03.10"]
[Round "3"]
[White "Zunker, Reinhard"]
[Black "Ziltener, Werner"]
[Result "1-0"]
[WhiteElo "2165"]
[BlackElo "2208"]
[PlyCount "89"]
[EventDate "2007.03.08"]
[EventType "swiss"]
[EventRounds "9"]
[EventCountry "GER"]
[SourceTitle "EXT 2022"]
[Source "ChessBase"]
[SourceDate "2021.10.06"]
[SourceVersion "1"]
[SourceVersionDate "2021.10.06"]
[SourceQuality "1"]

1. e4 e5 2. Nf3 Nc6 3. Bb5 a6 4. Bxc6 dxc6 5. 0-0 Bg4 6. d3 Qf6 7. Nbd2 Bc5 8. h3 Be6 9. Nb3 Bd6 10. Qe2 h6 11. d4 Ne7 12. dxe5 Bxe5 13. Nxe5 Qxe5 14. Qf3 Ng6 15. c3 c5 16. Qe3 Bc4 17. Re1 b6 18. Nd2 Bb5 19. a4 Bc6 20. a5 Bb5 21. c4 Bc6 22. Nf3 Qe6 23. b3 0-0 24. Bb2 Bb7 25. Nd2 Rad8 26. Nf1 Qd6 27. Ng3 Qd2 28. Re2 Qxe3 29. Rxe3 Rfe8 30. axb6 cxb6 31. Bc3 a5 32. Rae1 Nf4 33. Nf5 Ne6 34. Rg3 g6 35. Nxh6+ Kf8 36. Bf6 Rd2 37. Rf3 Rd7 38. Ng4 Nd4 39. Rf4 Nc6 40. Ne3 Re6 41. Nd5 Nd4 42. Rh4 Rxf6 43. Nxf6 Rd6 44. e5 Re6 45. Rh8+ 1-0